[Event "Ulm/Neu Ulm-ch"]
[Site "Ulm/Neu Ulm"]
[Date "2009.11.30"]
[Round "4"]
[White "Ziad, Amar"]
[Black "Von Koschitzky, Ignatio"]
[Result "0-1"]
[WhiteElo "1488"]
[BlackElo "1305"]
[PlyCount "74"]
[EventDate "2009.09.18"]
[EventType "swiss"]
[EventRounds "5"]
[EventCountry "GER"]
[SourceTitle "EXT 2011"]
[Source "ChessBase"]
[SourceDate "2010.11.26"]
[SourceVersion "1"]
[SourceVersionDate "2010.11.26"]
[SourceQuality "1"]

1. d4 d5 2. c4 Nf6 3. Nc3 c6 4. Nf3 Bg4 5. Qb3 Qb6 6. Qxb6 axb6 7. cxd5 e6 8. dxe6 Bxe6 9. e3 Bb4 10. Bd2 Bxc3 11. Bxc3 Rxa2 12. Rxa2 Bxa2 13. Bd3 Bd5 14. Bb4 Nbd7 15. Nd2 c5 16. Ba3 0-0 17. 0-0 Re8 18. Rc1 cxd4 19. exd4 Bc6 20. b4 b5 21. Bb2 Nd5 22. Ba3 Nf4 23. Bf1 Nf6 24. Rd1 N6d5 25. Nf3 Nc3 26. Re1 Rxe1 27. Nxe1 Nce2+ 28. Bxe2 Nxe2+ 29. Kf1 Nxd4 30. f3 f6 31. Kf2 Kf7 32. Ke3 Nf5+ 33. Kd3 Ke6 34. Nc2 Nh4 35. Ne3 f5 36. Bb2 g5 37. Ke2 f4 0-1

[Event "Ulm/Neu Ulm-ch"]
[Site "Ulm/Neu Ulm"]
[Date "2007.11.02"]
[Round "4"]
[White "Ziad, Amar"]
[Black "Kelemen, Norbert"]
[Result "1/2-1/2"]
[WhiteElo "1378"]
[BlackElo "1542"]
[PlyCount "50"]
[EventDate "2007.09.21"]
[EventType "swiss"]
[EventRounds "7"]
[EventCountry "GER"]
[SourceTitle "EXT 2011"]
[Source "ChessBase"]
[SourceDate "2010.11.26"]
[SourceVersion "1"]
[SourceVersionDate "2010.11.26"]
[SourceQuality "1"]

1. d4 Nf6 2. Nf3 e6 3. e3 d5 4. Bd3 c5 5. c3 Nbd7 6. 0-0 c4 7. Bc2 Bd6 8. Nbd2 0-0 9. Re1 b5 10. e4 dxe4 11. Nxe4 Qc7 12. Nxd6 Qxd6 13. Ne5 Bb7 14. f3 Rad8 15. Bg5 Nxe5 16. Rxe5 Qxe5 17. dxe5 Rxd1+ 18. Rxd1 Nd5 19. Be4 h6 20. Bxd5 Bxd5 21. Be7 Re8 22. Bd6 Kh7 23. Kf2 Kg6 24. Rd4 h5 25. g3 Rd8 1/2-1/2